• 首页
  • 本馆介绍
  • 公告通知
  • 最新文献
  • 馆藏检索
  • 电子资源
  • 读者导购
  • 参考咨询
  • 我的图书馆
  • 登录
  • 详细信息显示
  • 放入我的书架
  • 预约/预借图书
  • 作者相关作品
  • 分类相关作品
  • 丛书相关作品
  • 出版社相关作品

书目信息

  • 表格格式
  • 工作单格式
  • 卡片格式
题名:
全民阅读推广与图书馆事业研究
    
 
作者: 张青 著
分册:  
出版信息: 成都   四川大学出版社  2017.06
页数: 272页
开本: 21cm
丛书名:
单 册:
中图分类: G252.17 , G259.2
科图分类:
主题词: 读书活动--研究--中国 , 图书馆事业--研究--中国
电子资源:
ISBN: 978-7-5690-0755-8
000 00915nam0 2200253 450
001 0102100410
005 20210402100818.0
010    @a978-7-5690-0755-8@dCNY48.00
100    @a20181129e20212017em y0chiy50 ea
101 0  @achi
102    @aCN@b510000
105    @aa z 000yy
106    @ar
200 1  @a全民阅读推广与图书馆事业研究@Aquan min yue du tui guang yu tu shu guan shi ye yan jiu@f张青著
210    @a成都@c四川大学出版社@d2017.06@h2021.01
215    @a272页@c图@d21cm
330    @a本书共分为九章,通过对全民阅读、阅读推广和图书馆三者之间关系的透视与剖析,论述了图书馆应积极承担起全民阅读及推广之重要责任,并阐明了阅读推广是图书馆工作的核心和永恒的主题。
606 0  @a读书活动@x研究@y中国
606 0  @a图书馆事业@x研究@y中国
690    @aG252.17@v5
690    @aG259.2@v5
701  0 @a张青@Azhang qing@c(图书馆工作)@4著
801  0 @aCN@bBJSZM@c20210402
905    @b1274335-9@dG252.17@e138@f5
    
    全民阅读推广与图书馆事业研究/张青著.-成都:四川大学出版社,2017.06(2021.01)
    272页:图;21cm
    
    
    ISBN 978-7-5690-0755-8:CNY48.00
    本书共分为九章,通过对全民阅读、阅读推广和图书馆三者之间关系的透视与剖析,论述了图书馆应积极承担起全民阅读及推广之重要责任,并阐明了阅读推广是图书馆工作的核心和永恒的主题。
●
相关链接 在E读中查询图书 在五车中查询图书 在当当中查询图书 在豆瓣中查询图书


正题名:全民阅读推广与图书馆事业研究     索取号:G252.17/138         预约/预借

序号 登录号 条形码 馆藏地/架位号 状态 备注
1 1274335   212743352   第一样本阅览室/ [索取号:G252.17/138] 在馆    
2 1274336   212743361   教育系资料室/ [索取号:G252.17/138] 在馆    
3 1274337   212743370   教育系资料室/ [索取号:G252.17/138] 在馆    
4 1274338   212743389   第四借阅区/ [索取号:G252.17/138] 在馆    
5 1274339   212743398   第四借阅区/ [索取号:G252.17/138] 在馆    
唐山师范学院图书馆 欢迎您!
大连网信软件有限公司© 版权所有